[Event "Vienna Advent op"]
[Site "Vienna"]
[Date "2023.12.16"]
[Round "6"]
[White "Warzycha, Gerwin"]
[Black "Kundianok, Vladislav"]
[Result "0-1"]
[WhiteElo "1915"]
[BlackElo "2321"]
[PlyCount "62"]
[EventDate "2023.12.11"]
[EventType "swiss"]
[EventRounds "7"]
[EventCountry "AUT"]
[SourceTitle "CB51_2023"]
[SourceDate "2023.12.20"]
[SourceVersion "1"]
[SourceVersionDate "2023.12.20"]
[SourceQuality "1"]

1. e4 c5 2. Nf3 d6 3. d4 cxd4 4. Nxd4 Nf6 5. Nc3 a6 6. Rg1 b5 7. g4 Bb7 8. g5 Nxe4 9. Nxe4 Bxe4 10. Qg4 d5 11. Bf4 Qd7 12. Bh3 e6 13. 0-0-0 Nc6 14. Qe2 Rc8 15. c3 b4 16. f3 Nxd4 17. Rxd4 Bc5 18. fxe4 Bxd4 19. Rd1 Bxc3 20. Kb1 d4 21. Qxa6 0-0 22. bxc3 bxc3 23. Kc2 Ra8 24. Qc4 Ra4 25. Qb3 Rfa8 26. Kd3 c2 27. Kxc2 Rxa2+ 28. Kb1 Ra1+ 29. Kb2 R8a2+ 30. Qxa2 Rxa2+ 31. Kxa2 Qa4+ 0-1

[Event "St Petersburg-ch 96th"]
[Site "St Petersburg"]
[Date "2023.03.18"]
[Round "1"]
[White "Alekseev, Evgeny V"]
[Black "Kundianok, Vladislav"]
[Result "1-0"]
[WhiteElo "2567"]
[BlackElo "2315"]
[PlyCount "99"]
[EventDate "2023.03.18"]
[EventType "swiss"]
[EventRounds "9"]
[EventCountry "RUS"]
[SourceTitle "CBM 213 Extra"]
[Source "ChessBase"]
[SourceDate "2023.05.31"]
[SourceVersion "1"]
[SourceVersionDate "2023.05.31"]
[SourceQuality "1"]

1. e4 c5 2. Nf3 e6 3. d4 cxd4 4. Nxd4 Nf6 5. Nc3 Nc6 6. Ndb5 d6 7. Bf4 e5 8. Bg5 a6 9. Na3 b5 10. Nd5 Be7 11. Bxf6 Bxf6 12. c4 b4 13. Nc2 0-0 14. g3 a5 15. Bg2 g6 16. Nxf6+ Qxf6 17. 0-0 h5 18. Qd2 Bg4 19. f3 Be6 20. b3 Rad8 21. f4 exf4 22. gxf4 Bc8 23. Ne3 Bb7 24. Rad1 Ne7 25. Qf2 Bc6 26. Rd3 Kh7 27. Rfd1 Qe6 28. c5 Nc8 29. e5 d5 30. Nxd5 Bxd5 31. Rxd5 Rxd5 32. Rxd5 Ne7 33. Rd6 Qf5 34. h3 Qb1+ 35. Kh2 Nf5 36. Rd7 Kh6 37. c6 Qc1 38. Rd2 Rc8 39. Rc2 Qa1 40. Qd2 Qd4 41. Qxd4 Nxd4 42. Rc4 Ne6 43. h4 Rc7 44. Bh3 Nf8 45. Kg3 Kg7 46. Kf3 f5 47. exf6+ Kxf6 48. Ke4 Ne6 49. Kd5 Ng7 50. Ke4 1-0

[Event "Yerevan Margaryan Memorial-B"]
[Site "Yerevan"]
[Date "2022.01.13"]
[Round "5"]
[White "Kundianok, Vladislav"]
[Black "Davtyan, Arsen"]
[Result "0-1"]
[WhiteElo "2152"]
[BlackElo "2204"]
[PlyCount "134"]
[EventDate "2022.01.09"]
[EventType "tourn"]
[EventRounds "9"]
[EventCountry "ARM"]
[EventCategory "2"]
[SourceTitle "CBM 206 Extra"]
[Source "ChessBase"]
[SourceDate "2022.03.31"]
[SourceVersion "1"]
[SourceVersionDate "2022.03.31"]
[SourceQuality "1"]

1. d4 d5 2. c4 e6 3. Nc3 Nf6 4. cxd5 Nxd5 5. e4 Nxc3 6. bxc3 c5 7. Rb1 Be7 8. Bb5+ Bd7 9. Bd3 cxd4 10. cxd4 Nc6 11. Nf3 Nb4 12. 0-0 Nxd3 13. Qxd3 b6 14. Bf4 0-0 15. Rfc1 Rc8 16. Rxc8 Bxc8 17. Rc1 Bd6 18. Rxc8 Qxc8 19. Bxd6 Qc1+ 20. Qf1 Rc8 21. h3 Qxf1+ 22. Kxf1 Rc1+ 23. Ke2 Rc2+ 24. Ke3 Rxa2 25. d5 exd5 26. exd5 f6 27. Nd4 Kf7 28. Bb8 Ke8 29. Nb5 Ra5 30. Nxa7 Rxd5 31. Bc7 b5 32. Ke4 Rg5 33. g4 b4 34. Kd3 Rc5 35. Bb6 Rc3+ 36. Kd2 Rxh3 37. Nc6 b3 38. Nd4 Kd7 39. Kc1 Rh1+ 40. Kb2 Rh2 41. Nf5 g6 42. Ng3 h5 43. gxh5 gxh5 44. Kxb3 h4 45. Nh5 f5 46. Kc4 h3 47. Nf4 Rh1 48. Nxh3 Rxh3 49. Kd5 Ke7 50. Ke5 Rh5 51. Kf4 Ke6 52. Ba7 Rh4+ 53. Kf3 Ra4 54. Bb8 Kf6 55. Bc7 Rd4 56. Bb6 Rc4 57. Bd8+ Ke5 58. Ba5 f4 59. Kg4 Rc2 60. Bb6 Ke4 61. f3+ Ke5 62. Kh3 Rc6 63. Ba7 Rg6 64. Bf2 Kd5 65. Be1 Kd4 66. Bd2 Rg3+ 67. Kh4 Rxf3 0-1

[Event "Chigorin Memorial 28th"]
[Site "St Petersburg"]
[Date "2021.10.24"]
[Round "2"]
[White "Romanov, Nikita M"]
[Black "Kundianok, Vladislav"]
[Result "0-1"]
[WhiteElo "1932"]
[BlackElo "2198"]
[PlyCount "72"]
[EventDate "2021.10.23"]
[EventType "swiss"]
[EventRounds "9"]
[EventCountry "RUS"]
[SourceTitle "EXT 2023"]
[Source "ChessBase"]
[SourceDate "2022.10.05"]
[SourceVersion "1"]
[SourceVersionDate "2022.10.05"]
[SourceQuality "1"]

1. d4 d5 2. c4 dxc4 3. Nf3 Nf6 4. Nc3 e6 5. e4 b5 6. e5 Nd5 7. Nxb5 Nb6 8. Be2 Nc6 9. 0-0 Be7 10. Qd2 0-0 11. Qf4 Bb7 12. Rd1 Nb4 13. Qg3 Kh8 14. Nc3 Qd7 15. Bf4 Rad8 16. Rac1 Nd3 17. Bxd3 cxd3 18. Rxd3 c5 19. Rcd1 Nc4 20. Bc1 Qc7 21. b3 Nb6 22. Bg5 Bxg5 23. Nxg5 Ba6 24. R3d2 Rxd4 25. Rxd4 cxd4 26. Rxd4 Nd5 27. Nge4 Rc8 28. h3 Nxc3 29. Nxc3 h6 30. Ne4 Qa5 31. Nd6 Qe1+ 32. Kh2 Rc1 33. Qe3 Qg1+ 34. Kg3 Bf1 35. Qxc1 Qxg2+ 36. Kf4 Qg5+ 0-1

[Event "St Petersburg Amir Cup Blitz"]
[Site "St Petersburg"]
[Date "2021.05.23"]
[Round "8"]
[White "Babanin, Gleb"]
[Black "Kundianok, Vladislav"]
[Result "1-0"]
[WhiteElo "2123"]
[BlackElo "2159"]
[PlyCount "95"]
[EventDate "2021.05.23"]
[EventType "swiss (blitz)"]
[EventRounds "11"]
[EventCountry "RUS"]
[SourceTitle "CBM 202 Extra"]
[Source "ChessBase"]
[SourceDate "2021.07.31"]
[SourceVersion "1"]
[SourceVersionDate "2021.07.31"]
[SourceQuality "1"]

1. e4 c5 2. Nf3 Nc6 3. Bb5 d6 4. Bxc6+ bxc6 5. 0-0 e5 6. c3 f5 7. exf5 Be7 8. Re1 Nf6 9. d4 e4 10. dxc5 d5 11. Nd4 Bxc5 12. Nxc6 Qc7 13. Nd4 0-0 14. Be3 Rb8 15. Nd2 Bd6 16. h3 Rxb2 17. N2b3 Bd7 18. Ne6 Bxe6 19. fxe6 a5 20. Re2 Rxe2 21. Qxe2 a4 22. Nd4 Qxc3 23. Rc1 Qd3 24. Qxd3 exd3 25. Rd1 Re8 26. Rxd3 Bc5 27. g4 Rb8 28. Rc3 Ne4 29. Rc2 a3 30. Nb3 Bxe3 31. fxe3 Kf8 32. Kg2 Ke7 33. Rc6 Nd6 34. Ra6 Nc4 35. Kf2 Rb6 36. Ra7+ Kxe6 37. Rxg7 h6 38. Rg6+ Ke5 39. Rxb6 Nxb6 40. Nd2 d4 41. Ke2 Nd5 42. Nf3+ Ke4 43. Nxd4 Nc3+ 44. Kd2 Nxa2 45. Nc2 Kf3 46. Nxa3 Nb4 47. Nc2 Nd5 48. Kd3 1-0

[Event "St Petersburg-ch sf"]
[Site "St Petersburg"]
[Date "2021.02.26"]
[Round "5"]
[White "Nazarova, Anastasia"]
[Black "Kundianok, Vladislav"]
[Result "1-0"]
[WhiteElo "2184"]
[BlackElo "2109"]
[PlyCount "73"]
[EventDate "2021.02.22"]
[EventType "swiss"]
[EventRounds "9"]
[EventCountry "RUS"]
[SourceTitle "EXT 2022"]
[Source "ChessBase"]
[SourceDate "2021.10.06"]
[SourceVersion "1"]
[SourceVersionDate "2021.10.06"]
[SourceQuality "1"]

1. e4 c5 2. Nf3 Nc6 3. d4 cxd4 4. Nxd4 Qb6 5. Nb3 Nf6 6. Nc3 e6 7. Be3 Qc7 8. Be2 a6 9. a4 Bb4 10. f3 d5 11. 0-0 dxe4 12. fxe4 Bd6 13. h3 0-0 14. Bd3 Be5 15. Nd2 Bd4 16. Bxd4 Nxd4 17. Nc4 Qc5 18. Kh1 e5 19. Rxf6 gxf6 20. Nd5 Kg7 21. Qe1 Nf5 22. g4 Nh6 23. Qh4 Ng8 24. Rf1 Qc6 25. Nxf6 Nxf6 26. Qg5+ Kh8 27. Rxf6 Qc7 28. Nxe5 Be6 29. Qh5 Kg7 30. Rh6 Rh8 31. Qg5+ Kf8 32. Qf6 Rg8 33. Rxh7 Rc8 34. g5 Ke8 35. g6 Rf8 36. g7 Rg8 37. Rh8 1-0

[Event "Portoroz op 13th"]
[Site "Portoroz"]
[Date "2019.07.08"]
[Round "4"]
[White "Kundianok, Vladislav"]
[Black "Sebenik, Matej"]
[Result "0-1"]
[WhiteElo "2117"]
[BlackElo "2514"]
[PlyCount "120"]
[EventDate "2019.07.06"]
[EventType "swiss"]
[EventRounds "9"]
[EventCountry "SLO"]
[SourceTitle "CBM 191 Extra"]
[Source "ChessBase"]
[SourceDate "2019.09.30"]
[SourceVersion "1"]
[SourceVersionDate "2019.09.30"]
[SourceQuality "1"]

1. e4 e6 2. d4 d5 3. Nc3 Nf6 4. e5 Nfd7 5. f4 c5 6. Nf3 Nc6 7. Be3 Be7 8. Qd2 0-0 9. dxc5 Qa5 10. h4 Bxc5 11. Bxc5 Nxc5 12. 0-0-0 Rd8 13. Kb1 Ne4 14. Qe1 Nxc3+ 15. Qxc3 Qxc3 16. bxc3 Bd7 17. Bd3 Rac8 18. Rh3 a6 19. g4 Na7 20. Nd4 Bb5 21. f5 Bxd3 22. Rhxd3 Re8 23. Rf3 Nc6 24. Re3 exf5 25. Nxf5 Rcd8 26. Rde1 d4 27. cxd4 Nxd4 28. Nd6 Re6 29. c3 Nc6 30. Kc2 Rd7 31. g5 h5 32. gxh6 Rxh6 33. Re4 Rh5 34. Nc4 Rc7 35. Rg1 b5 36. Nd6 Re7 37. Reg4 g6 38. Ne4 Rhxe5 39. Ng5 Re2+ 40. Kb3 Na5+ 41. Kb4 Rxa2 42. Kc5 Nc4 43. R4g2 Rc7+ 44. Kd4 Rxg2 45. Rxg2 Nd6 46. h5 Nf5+ 47. Kd3 Rd7+ 48. Ke4 Re7+ 49. Kf4 Ne3 50. Re2 gxh5 51. Ne4 Ng4 52. Rg2 Kg7 53. Ng3 Re5 54. Nf5+ Kf8 55. Rd2 Re6 56. Rd5 Ne5 57. Ng3 Ng6+ 58. Kf3 h4 59. Ne4 Ke7 60. Nc5 Rc6 0-1

[Event "RUS-chT U14 final"]
[Site "Sochi"]
[Date "2019.05.10"]
[Round "9.2"]
[White "Kundianok, Vladislav"]
[Black "Grebnev, Aleksey"]
[Result "1-0"]
[WhiteElo "2050"]
[BlackElo "2070"]
[PlyCount "111"]
[EventDate "2019.05.01"]
[EventType "team-tourn"]
[EventRounds "9"]
[EventCountry "RUS"]
[SourceTitle "CBM 190 Extra"]
[Source "ChessBase"]
[SourceDate "2019.07.15"]
[SourceVersion "1"]
[SourceVersionDate "2019.07.15"]
[SourceQuality "1"]

1. e4 e6 2. d4 d5 3. Nc3 Bb4 4. e5 c5 5. Bd2 Ne7 6. a3 Bxc3 7. Bxc3 Nbc6 8. Nf3 cxd4 9. Bxd4 Nxd4 10. Qxd4 0-0 11. Bd3 Nc6 12. Qe3 Qa5+ 13. c3 Qb6 14. Qe2 h6 15. 0-0 Bd7 16. Bc2 Qa6 17. Bd3 Qb6 18. Rad1 Rac8 19. Bb1 Na5 20. Qc2 g6 21. Rd4 Rc4 22. b4 Rxd4 23. bxa5 Qxa5 24. cxd4 Qxa3 25. h4 Qb4 26. Qc1 Kg7 27. Qf4 Qe7 28. h5 Rc8 29. Re1 a5 30. Qg3 Be8 31. hxg6 fxg6 32. Qg4 Bf7 33. g3 a4 34. Nh4 Qg5 35. Qe2 Rc4 36. Kg2 Qe7 37. Qd1 Qg5 38. Re3 Rb4 39. Rf3 b5 40. Rf6 h5 41. Qf3 Be8 42. Bxg6 Rb3 43. Qe2 Bxg6 44. Rxg6+ Qxg6 45. Nxg6 Kxg6 46. Qc2+ Kg7 47. Qc7+ Kf8 48. Qd8+ Kf7 49. Qf6+ Kg8 50. Qxe6+ Kh7 51. Qf7+ Kh6 52. e6 a3 53. e7 a2 54. e8Q Rxg3+ 55. fxg3 Kg5 56. Qf4# 1-0